Champions League Top 3 Scorers since 2010 - Statistics

General Stats
  • This quiz has been taken 62 times
  • The average score is 34 of 45
Answer Stats
Season Games Goals Penalty Answer % Correct
2011/2012 1. 11 14 4 Messi
100%
3. 11 8 0 Messi
100%
2. 13 10 0 Messi
100%
2. 9 11 2 Messi
100%
2018/2019 1. 10 12 1 Messi
100%
3. 10 10 2 Ronaldo
100%
2012/2013 1. 12 12 0 Ronaldo
100%
2013/2014 1. 11 17 2 Ronaldo
100%
2014/2015 1. 12 10 2 Ronaldo
100%
2015/2016 1. 12 16 2 Ronaldo
100%
2016/2017 1. 13 12 0 Ronaldo
100%
2017/2018 1. 13 15 4 Ronaldo
100%
2. 8 10 2 Haaland
95%
2020/2021 1. 8 10 1 Haaland
95%
2022/2023 1. 11 12 1 Haaland
95%
2. 13 10 1 Lewandowski
95%
2. 12 9 0 Lewandowski
95%
2. 8 8 2 Lewandowski
95%
2019/2020 1. 10 15 2 Lewandowski
95%
2. 10 13 3 Lewandowski
95%
2010/2011 1. 13 12 1 Messi
95%
2021/2022 1. 12 15 3 Benzema
91%
2. 10 8 2 Mbappe
87%
3. 8 7 1 Mbappe
87%
2. 12 8 3 Mbappe
87%
3. 12 10 0 Neymar
82%
2023/2024 1. 12 8 3 Kane
76%
3. 13 11 4 Kane
76%
2. 8 8 1 Salah
76%
2. 11 10 0 Mane
73%
3. 13 10 0 Firmino
56%
2. 14 13 0 Raphinha
56%
3. 7 6 1 Aguero
53%
2. 8 10 1 Ibrahimovic
53%
3. 12 8 1 Müller
53%
3. 8 8 0 Gomez
51%
2. 12 12 0 Gomez
51%
2024/2025 1. 14 13 5 Guirassy
51%
3. 10 6 0 Griezmann
49%
3. 8 8 1 Cavani
42%
2. 10 8 1 Etoo
36%
3. 9 8 1 Costa
35%
3. 8 11 1 Haller
31%
3. 10 9 0 Gnabry
24%
3. 8 6 0 Morata
22%
No matching quizzes found
Score Distribution
Percent of People with Each Score
Percentile by Number Answered
Your Score History
You have not taken this quiz